Oiga, chamigo aguará : pieza en un acto de selva adentro /

Guardado en:
Autor Principal: Basch, Adela
Formato: Libro
Publicado: Buenos Aires : Colihue, 1991
Series:Libros del malabarista
Materias:
Etiquetas: Agregar Etiqueta
Sin Etiquetas, Sea el primero en etiquetar este registro!
LEADER 00754nam a22002535a 4500
001 CEM.cems012916
005 20080612120528.0
008 130507s1991##################000#0#####d
003 CEMS
020 |a 9505815123 
082 0 4 |a SGA862.4 
100 1 |a Basch, Adela 
245 1 0 |a Oiga, chamigo aguará :  |b pieza en un acto de selva adentro /  |c Adela Basch 
260 |a Buenos Aires :  |b Colihue,  |c 1991 
300 |a 60 p. 
490 0 |a Libros del malabarista 
653 |a Literatura 
653 |a Literatura infantil 
653 |a Literatura argentina 
653 |a Teatro 
653 |a Teatro argentino 
653 |a Teatro infantil 
653 |a Biblioteca maría de los angeles saggio 
859 |a CEMS  |b BIB. CEMS - 11 de abril  |h SGA862.4  |i B29-1  |p 25190.08  |t Ej.1